000 00331nam a2200121Ia 4500
008 190216s9999||||xx |||||||||||||| ||und||
100 _aSharma Vd
245 0 _aCareers Through Competitive Examination
260 _b"Competition Review Pvt Ltd,Newdelhi"
_c1974
300 _a259p
650 _aCompetitive Examination
942 _cREF
999 _c35681
_d35681